American history: the modern era since 1865 (Record no. 83906)
[ view plain ]
| 000 -LEADER | |
|---|---|
| fixed length control field | 00858nam a2200193 a 4500 |
| 008 - FIXED-LENGTH DATA ELEMENTS--GENERAL INFORMATION | |
| fixed length control field | 070507s1997 ||||||||||||||||| || u |
| 020 ## - INTERNATIONAL STANDARD BOOK NUMBER | |
| International Standard Book Number | 0028223659 |
| 050 ## - LIBRARY OF CONGRESS CALL NUMBER | |
| Classification number | E 183.7 Rit |
| 100 ## - MAIN ENTRY--PERSONAL NAME | |
| Personal name | Ritchie, Donald A |
| 245 10 - TITLE STATEMENT | |
| Title | American history: the modern era since 1865 |
| 260 ## - PUBLICATION, DISTRIBUTION, ETC. | |
| Place of publication, distribution, etc. | New York |
| Name of publisher, distributor, etc. | Glencoe/McGraw-Hill |
| Date of publication, distribution, etc. | 1997 |
| 300 ## - PHYSICAL DESCRIPTION | |
| Extent | xxxviii, 906p.:ill. |
| 350 ## - | |
| -- | 0.00 |
| 650 ## - SUBJECT ADDED ENTRY--TOPICAL TERM | |
| Topical term or geographic name entry element | NATIONAL SECURITY--UNITED STATES |
| 650 #0 - SUBJECT ADDED ENTRY--TOPICAL TERM | |
| Topical term or geographic name entry element | AFRICA--HISTORY |
| 650 ## - SUBJECT ADDED ENTRY--TOPICAL TERM | |
| Topical term or geographic name entry element | UNITED STATES--FOREIGN RELATIONS--SOVIET UNION |
| 995 ## - | |
| -- | MAIN LIBRARY OPEN ACCESS |
| -- | 0.00 |
| -- | 737180 |
| -- | CBU-MAIN LIBRARY (Kitwe) |
| -- | 1 |
| -- | 0.00 |
| -- | E 183.7 Rit |
| -- | 1 |
| -- | AVAILABLE |
| -- | May 7, 2007 |
| -- | 41335 |
| -- | Main Library Open Access Collection |
| 995 ## - | |
| -- | MAIN LIBRARY OPEN ACCESS |
| -- | 0.00 |
| -- | 737179 |
| -- | CBU-MAIN LIBRARY (Kitwe) |
| -- | 1 |
| -- | 0.00 |
| -- | E 183.7 Rit |
| -- | 2 |
| -- | AVAILABLE |
| -- | May 7, 2007 |
| -- | 41337 |
| -- | Main Library Open Access Collection |
| 999 ## - | |
| -- | 83906 |
| -- | 83906 |
| Withdrawn status | Lost status | Source of classification or shelving scheme | Damaged status | Not for loan | Permanent Location | Current Location | Shelving location | Date acquired | Total Checkouts | Full call number | Barcode | Date last seen | Copy number | Price effective from | Koha item type |
|---|---|---|---|---|---|---|---|---|---|---|---|---|---|---|---|
| CBU-MAIN LIBRARY, KITWE. | CBU-MAIN LIBRARY, KITWE. | 01/08/2024 | E 183.7 Rit | 41335 | 01/08/2024 | 1 | 01/08/2024 | MONOGRAPH | |||||||
| CBU-MAIN LIBRARY, KITWE. | CBU-MAIN LIBRARY, KITWE. | 01/08/2024 | E 183.7 Rit | 41337 | 01/08/2024 | 2 | 01/08/2024 | MONOGRAPH |